| 000 | 00728cam a22002291 4500 | ||
|---|---|---|---|
| 001 | agr52000352 | ||
| 003 | DLC | ||
| 005 | 20260227111016.0 | ||
| 008 | 801114s1952 dcuab f000 0 eng | ||
| 010 | _aagr52000352 | ||
| 035 | _a(OCoLC)6940503 | ||
| 040 |
_aDLC _cNNU _dDLC |
||
| 042 | _apremarc | ||
| 050 | 0 | 0 |
_aHG2041 _b.U58 no. CR-5 |
| 110 | 1 |
_aUnited States. _bFarm Credit Administration. |
|
| 245 | 0 | 0 | _aRisk problems of production credit associations. |
| 260 |
_aWashington _b[U.S. Govt. Print. Off.] _c1952. |
||
| 300 |
_aiv, 68 p. _billus., maps. _c24 cm. |
||
| 490 | 1 |
_aIts Bulletin _vCR-5 |
|
| 650 | 0 |
_aAgricultural credit _zUnited States. |
|
| 810 | 1 |
_aUnited States. _bFarm Credit Administration. _tBulletin _vCR-5. |
|
| 999 |
_c11445 _d11445 |
||